Dr. S. R. Lasker Library Online Catalogue

Home      Library Home      Institutional Repository      E-Resources      MyAthens      EWU Home

Normal view MARC view

Entry Corporate Name

Number of records used in: 1

001 - CONTROL NUMBER

  • control field: 20424

003 - CONTROL NUMBER IDENTIFIER

  • control field: BD-DhEWU

005 - DATE AND TIME OF LATEST TRANSACTION

  • control field: 20160731182741.0

008 - FIXED-LENGTH DATA ELEMENTS

  • fixed length control field: 160731|| aca||aabn | a|a d

040 ## - CATALOGING SOURCE

  • Original cataloging agency: BD-DhEWU
  • Transcribing agency: BD-DhEWU

110 ## - HEADING--CORPORATE NAME

  • Corporate name or jurisdiction name as entry element: কার্যক্রম বিভাগ, পরিকল্পনা কমিশন

670 ## - SOURCE DATA FOUND

  • Source citation: Work cat.: (BD-DhEWU)4977: কার্যক্রম বিভাগ, পরিকল্পনা কমিশন, বার্ষিক উন্নয়ন কর্মসূচি (২০১৫-২০১৬) /, 2015.